Catálogo
 En Linea

Pinochec en Piccadilly : (Registro nro. 15227)

Detalles MARC
000 -CABECERA
campo de control de longitud fija 00856nam a2200229 a 4500
001 - NÚMERO DE CONTROL
campo de control 000015675
005 - FECHA Y HORA DE LA ÚLTIMA TRANSACCIÓN
campo de control 20200929164119.0
008 - DATOS DE LONGITUD FIJA--INFORMACIÓN GENERAL
campo de control de longitud fija 100217s2003 ch bd 000 0 spa d
020 ## - NÚMERO INTERNACIONAL ESTÁNDAR DEL LIBRO
Número Internacional Estándar del Libro 8483108615
040 ## - FUENTE DE LA CATALOGACIÓN
Centro catalogador/agencia de origen DO-SdBNP
Lengua de catalogación spa
Centro/agencia transcriptor BNPHU
049 ## - FONDOS LOCALES (OCLC)
Fondos de biblioteca BNPD
100 1# - ENTRADA PRINCIPAL--NOMBRE DE PERSONA
Nombre de persona Beckett, Andy
9 (RLIN) 35331
240 10 - TÍTULO UNIFORME
Título uniforme Pinochec in Piccadilly.Britain and Chil is hilden history
Lenguaje de la obra español
245 13 - MENCIÓN DE TÍTULO
Título Pinochec en Piccadilly :
Resto del título la historia secreta de Chile y el Reino Unido /
Mención de responsabilidad, etc. Andy Beckett ; traducción de Victoria Ordóñez ; reseña de Guzmán Urrero Peña.
260 ## - PUBLICACIÓN, DISTRIBUCIÓN, ETC.
Lugar de publicación, distribución, etc. Barcelona :
Nombre del editor, distribuidor, etc. Editorial Tus Quets,
Fecha de publicación, distribución, etc. 2003.
300 ## - DESCRIPCIÓN FÍSICA
Extensión 321 p. ;
Dimensiones 22 cm.
490 1# - MENCIÓN DE SERIE
Mención de serie Tiempo de Memoria Tus Quets
Designación de volumen o secuencia 26
500 ## - NOTA GENERAL
Nota general Incluye índice
700 1# - PUNTO DE ACCESO ADICIONAL--NOMBRE DE PERSONA
Nombre de persona Urrero Peña, Guzman
9 (RLIN) 35332
700 1# - PUNTO DE ACCESO ADICIONAL--NOMBRE DE PERSONA
Nombre de persona Ordoñez, Victoria
Término indicativo de función/relación tr.
9 (RLIN) 35333
830 #0 - PUNTO DE ACCESO ADICIONAL DE SERIE-TÍTULO UNIFORME
Título uniforme Tiempo de Memoria Tus Quets
Designación de volumen o secuencia 26
9 (RLIN) 35334
Existencias
Estado de retiro Estado de pérdida Restricciones de uso No para préstamo Código de colección Localización permanente Ubicación/localización actual Ubicación en estantería Fecha de adquisición Número de inventario Total de préstamos Signatura topográfica completa Código de barras Fecha visto por última vez Precio válido a partir de Tipo de ítem Koha
        Monografías: Libros y Folletos General General Orden iniciada 17.02.2010 LF1   15675-10 25.06.2020 25.06.2020 No se presta

Con tecnología Koha